An adventure in applied science : a history of the International Rice Research Institute

The book tells the story of a truly remarkable international agricultural research center. The impact of IRRI through rice research and the benefits it has brought to rice farmers and mankind throughout the developing world is immeasurable. It goes beyond rice. It extends to a growing family of inte...

Full description

Saved in:
Bibliographic Details
Main Author: Chandler, Robert F.
Format: Book
Language:Undetermined
Published: Laguna, Philippines International Rice Research Institute 1982
Subjects:
Tags: Add Tag
No Tags, Be the first to tag this record!
Institutions: Trung tâm Học liệu Trường Đại học Cần Thơ
LEADER 00991nam a2200217Ia 4500
001 CTU_122847
008 210402s9999 xx 000 0 und d
082 |a 633.18 
082 |b C454 
100 |a Chandler, Robert F. 
245 3 |a An adventure in applied science : 
245 2 |b a history of the International Rice Research Institute 
245 0 |c Rober F. Chandler 
260 |a Laguna, Philippines 
260 |b International Rice Research Institute 
260 |c 1982 
520 |a The book tells the story of a truly remarkable international agricultural research center. The impact of IRRI through rice research and the benefits it has brought to rice farmers and mankind throughout the developing world is immeasurable. It goes beyond rice. It extends to a growing family of international research centers. 
650 |a International Rice Research Institute 
650 |x History 
904 |i Hiếu, Huỳnh Mai 
980 |a Trung tâm Học liệu Trường Đại học Cần Thơ